| 000 | 00000nam 2200000za 4500 |
| 001 | 9.816382 |
| 003 | CaOODSP |
| 005 | 20230112131729 |
| 007 | cr ||||||||||| |
| 008 | 160427s2016 onc o f000 0 fre d |
| 040 | |aCaOODSP|bfre |
| 043 | |an-cn--- |
| 086 | 1 |aCR22-42/2016F-PDF |
| 110 | 2 |aConseil de recherches en sciences humaines du Canada. |
| 245 | 10|aPlan stratégique du CSRH à l'horizon 2020 |h[ressource électronique]. |
| 246 | 3 |aPlan stratégique 2016-2020 du Conseil de recherches en sciences humaines du Canada |
| 246 | 3 |iEn tête du titre: |aL'avancement du savoir pour façonner le Canada de demain : |bpermettre d'atteindre l'excellence, établir des partenariats, favoriser la connexion entre la recherche et les Canadiens. |
| 260 | |a[Ottawa] : |bConseil de recherches en sciences humaines, |c[2016] |
| 300 | |a16 p. |
| 500 | |aPublié aussi en anglais sous le titre : SSHRC's strategic plan to 2020. |
| 692 | 07|2gccst|aInstitution fédérale |
| 692 | 07|2gccst|aSubvention de recherche |
| 692 | 07|2gccst|aSciences sociales |
| 692 | 07|2gccst|aGestion stratégique |
| 775 | 08|tSSHRC's strategic plan to 2020 |w(CaOODSP)9.816376 |
| 794 | |tCRSH SSHRC plan stratégique : |w(CaOODSP)9.894631 |
| 795 | |tRenforcer la culture d'innovation du Canada|w(CaOODSP)9.503910 |
| 856 | 40|qPDF|s1.30 Mo|uhttps://publications.gc.ca/collections/collection_2016/crsh-sshrc/CR22-42-2016-fra.pdf |